=LDR 00000nam 2200000 4500 =001 INLIS000000000016312 =005 20130612111603 =008 ***********************************Ind** =035 ##$$0010-061300000016312 =041 ##$$a Ind =082 ##$$a F Rom K =090 ##$$a F Rom K, Mar h =100 ##$$a Marcus A.S =245 ##$$a Hong Sin(Penganugerahan dewa), oleh Marcus A.S ; editor Winarti =260 ##$$a 1994 $b [S.1] =300 ##$$a x, 100 hlm., 21 cm =650 ##$$a Fiksi Kanak-kanak =700 ##$$a Winarti =850 ##$$a NBPNMAT